000
00280nam a22001217a 4500
008
171020b xxu||||| |||| 00| 0 eng d
041
_a
eng
080
_a
338
100
_a
54
101
_a
MNG
245
_a
AN INTRODUCTION TO MANAGEMENT SCIENCE
_c
ANDERSON, D.R
942
_2
udc
_c
BK
999
_c
35237
_d
35237